|
|
|
|
| LEADER |
01009cam a2200229 7i4500 |
| 001 |
0000084565 |
| 005 |
20241125090000.0 |
| 020 |
|
|
|a 9781476643175 (electronic book)
|
| 090 |
0 |
0 |
|a PN3433.5
|b .A73 2022
|
| 245 |
0 |
0 |
|a Arab and Muslim science fiction :
|b critical essays
|c edited by Hosam A. Ibrahim Elzembely and Emad El-Din Aysha.
|
| 264 |
|
|
|a Jefferson, North Carolina:
|b McFarland & Company, Inc., Publishers,
|c 2022.
|
| 300 |
|
|
|a 1 online resource (xi, 384 pages):
|b illustrations, text file, PDF.
|
| 336 |
|
|
|a text
|2 rdacontent
|
| 337 |
|
|
|a computer
|2 rdamedia
|
| 338 |
|
|
|a online resource
|2 rdacarrier
|
| 650 |
|
0 |
|a Science fiction --
|x Muslim authors --
|x History and criticism
|
| 650 |
|
0 |
|a Science fiction, Arabic --
|x Arab countries --
|x History and criticism
|
| 655 |
|
0 |
|a Electronic books
|
| 700 |
1 |
|
|a Elzembely, Hosam A. Ibrahim(
|d 1968)
|
| 700 |
0 |
|
|a Aysha, Emad El-Din(
|d 1974)
|
| 856 |
4 |
2 |
|u http://library.unisel.edu.my/web/guest/mylibrary
|
| 999 |
|
|
|a EBO0024948
|b EBOOK
|c EBOOK
|e Electronic resources
|